000 00689nam a22002177a 4500
005 20220719165027.0
008 220719b ||||| |||| 00| 0 eng d
040 _cAL
041 _aEnglish
082 _223
_a355.0335
_bSISS
100 _aNarendra Sisodia
_951488
245 _aStrategic Analysis: Bimonthly Journal of the IDSA
260 _aNew Delhi
_bThe Institute for Defence Studies and Analysis
_c2007
300 _a556 p.
_bPB
_c25x17.5 cm.
440 _aVol 31 Issue 3 MAY 2007
_951489
650 _aIndia and China
_951490
650 _aEnergy Super power
_951491
650 _aEnergy Security in Asia
_951492
700 _aSISODIA (Narendra) Ed
_951493
942 _2ddc
_cGF
999 _c223999
_d223999